Caso individual: modelos actuales de práctica

Sparad:
Bibliografiska uppgifter
Huvudupphovsman: Hill, Ricardo (Författare, medförfattare)
Materialtyp: Bok
Språk:spanska
Publicerad: Buenos Aires Humanitas 1979
Ämnen:
Taggar: Lägg till en tagg
Inga taggar, Lägg till första taggen!

MARC

LEADER 00000nam a2200000 a 4500
001 UCX0497
003 CL-VaPUC
008 891027e19790000AG |||||||||||||||||spa|d
082 0 4 |a 361.2  |b HIL  |2 21 
100 |a Hill, Ricardo  |e author  |9 415981 
245 1 0 |a Caso individual: modelos actuales de práctica 
300 |a 142 p 
942 |c BK 
945 |d 19891027 00:00:00 
260 |a Buenos Aires  |b Humanitas  |c 1979 
650 7 |a PLANIFICACION  |2 CL-VaPUC  |9 260802 
650 0 |a Modelos matemáticos   |9 259437 
583 |a last modification  |c 19891027 00:00:00  |k Rodrigo Vera 
999 |c 222088  |d 222086 
952 |0 0  |1 0  |4 0  |6 361_200000000000000_HIL_1979  |7 0  |8 A  |9 216335  |a BIBGIM  |b BIBGIM  |d 2019-11-15  |i 2849070  |o 361.2 HIL 1979  |p 2849070  |r 2025-01-15  |w 2019-11-15  |y BK  |k SSL